000 00419nam a22001577a 4500
008 250404b |||||||| |||| 00| 0 eng d
020 _a9780323479500
050 _aRS57
_b.T87
100 _aTurner Susan J
245 _aMulholland's the Nurse,the Math, the Meds Drug calculation using dimention
250 _a4th
260 _aMissouri
_bElsevier
_c2019
300 _axx,540p
650 _aDrug Diseases
942 _cBK
999 _c2841
_d2841